| 000 | 00992nas a2200325 4500 | ||
|---|---|---|---|
| 001 | BR0100442 | ||
| 003 | BR-BrBNA | ||
| 005 | 20231205102023.0 | ||
| 007 | ta | ||
| 008 | 230509b bl.|||p| |||| 00| 00por d | ||
| 040 |
_aBR-BrBNA _bpor _cBiblioteca Nacional de Agricultura |
||
| 041 | _a(Pt) | ||
| 072 | _aF30 | ||
| 100 | 1 | _aCarpentieri-Pipolo, V. | |
| 100 | 1 | _aDestro, D. | |
| 100 | 1 | _aPrete, C.E.C. | |
| 100 | 1 | _aGonzales, M.G.N. | |
| 100 | 1 | _aPopper, I. | |
| 100 | 1 | _aZanatta, S. | |
| 100 | 1 | _aSilva, F.A.M. da | |
| 245 | 1 | _aSelecao de genotipo parentais de acerola com base na divergencia genetica multivariada | |
| 650 | _aAcerola | ||
| 650 | _aCaracteristicas Agronomicas | ||
| 650 | _aClone | ||
| 650 | _aMelhoramento Genetico Vegetal | ||
| 650 | _aMetodo de Melhoramento | ||
| 773 | 0 |
_tPesquisa Agropecuaria Brasileira (Brazil) _xISSN 0100-204X _g(Aug 2000), v. 35(8) p. 1613-1619 _wBR0100442 |
|
| 909 |
_a202311 _bLúcia _c55 _dLúcia Elande |
||
| 942 |
_2AGRIS _n0 _cANA |
||
| 999 |
_c165292 _d165292 |
||